000 01052cam a22003134a 4500
999 _c233678
_d233678
001 12356296
003 Nust
005 20180604075720.0
008 010323s2001 enkab 001 0 eng
010 _a 2001030820
020 _a9780552148764
_cRs. 316
038 _aArshad
040 _aDLC
_cDLC
_dDLC
042 _apcc
050 0 0 _aGN289
_b.S94 2001
082 0 0 _a599.935
_bSYK
100 1 _aSykes, Bryan.
_910890
245 1 4 _aThe seven daughters of Eve /
_cBryan Sykes.
260 _aLondon ;
_aNew York :
_bBantam Press,
_c2001.
300 _ax, 367 p. :
_bill., maps ;
_c24 cm.
500 _aIncludes index.
650 0 _aHuman population genetics.
_910891
650 0 _aHuman evolution.
_910892
650 0 _aWomen
_xAnthropometry.
_910893
650 0 _aEvolutionary genetics.
_910894
906 _a7
_bcbc
_corignew
_d1
_eocip
_f20
_gy-gencatlg
942 _2ddc
_cBK